000 01410nam a22002297a 4500
005 20220404152218.0
008 220329b ||||| |||| 00| 0 eng d
020 _a 9781292403281
040 _cAL
041 _aeng
082 _223
_a658.4038011
_bLAUM
100 _aKenneth C Laudon
_926437
245 _aManagement Information Systems
_bManaging the digital firm
250 _a7th ed.
260 _aLondon
_bPearson
_c2022
300 _a648p.
_bPB
_c27.5x21.5cm.
365 _2General
_a5471
_b₹5037.90
_c
_d₹6458.84
_e22%
_f12/03/2022
520 _aThe authoritative, case-based study of IS in business today.Management Information Systems: Managing the Digital Firm provides the most comprehensive overviewof information systems used by business firms today, while drawing connectionsbetween MIS and business performance. The Laudons are known for theiroutstanding real-world case studies, which describe how well-known companiesuse IT to solve problems and achieve business objectives. Students developsought-after skills, such as leading IS-related management discussions andusing IT to meet bottom-line results. Each chapter of the 17th edition featuresall-new Interactive Sessions, new Video Cases, and a new Career Opportunitiessection building practical job-seeking skills.
650 _2 Executive management
_aManagement
_927406
700 _aLaudon, Jane P
_926438
942 _2ddc
_cBK
999 _c222081
_d222081